000 00433nam a2200145 i 4500
001 36023
003 ES-MaACL
005 20230906155257.0
007 t|
008 030214s1963 xxk ||||1| eng d
245 0 0 _aBritain an official handbook 1963.
260 _aLondon :
_bCentral Office of Information,
_c[1963] (
_fHer Majesty's Stationery Office)
300 _a590 p., 10 lám. ;
_c24 cm.
852 _aES-MaACL
_jC-22847
_bR.51564
999 _c36023
_d36023